000 00467nam a2200169 i 4500
001 84755
003 ES-MaACL
005 20230906175108.0
007 t|
008 041123s1967 sp ||||1| spa d
100 1 _aJenofonte.
_966312
245 1 0 _aEconómico /
_cJenofonte ; edición, traducción y notas por Juan Gil.
260 _aMadrid :
_bS.E.P.,
_c1967.
300 _a450 p. ;
_c23 cm.
700 1 _aGil, Juan.
_956739
852 _aES-MaACL
_jC-32261
_bR.62586
999 _c84755
_d84755